| 000 | 00893pam a2200277 a 4500 | ||
|---|---|---|---|
| 001 | 2177 | ||
| 005 | 20231108130444.0 | ||
| 020 | _a0516200534 | ||
| 020 | _a9780516260754 | ||
| 040 |
_aDLC _cDLC _dDLC _beng |
||
| 050 | 0 | 0 |
_aN6537.W28 _bV46 1996 |
| 082 | 0 | 0 |
_a700/.92 _aB _220 |
| 100 | 1 | _aVenezia, Mike | |
| 245 | 1 | 0 |
_aAndy Warhol / _cwritten and illustrated by Mike Venezia |
| 260 |
_aNew York : _bChildren's Press, _c1996 |
||
| 300 |
_a32 pages : _bIllustrations _c25 cm |
||
| 490 | 1 | _aGetting to know the world's greatest artists | |
| 505 | _aU | ||
| 520 | _aA simple biography of a man who helped develop Pop Art and made art fun for many people. | ||
| 521 |
_a900 _bLexile estimate |
||
| 521 |
_aU _bRaz-Plus |
||
| 650 | 0 |
_aArtists _zUnited States _vBiography _vJuvenile literature. |
|
| 650 | 1 | _aArtists. | |
| 906 |
_a7 _bcbc _corignew _d1 _eocip _f19 _gy-gencatlg |
||
| 942 |
_2ddc _cBK _n0 |
||
| 999 |
_c2177 _d2177 |
||